Zákon o cestovných náhradách s komentárom

Vysvetlenie zákona o cestovných náhradách č. 283/2002 Z.z. z daňového hľadiska v nadväznosti na zákon 595/2003 Z.z. o dani z príjmov v znení neskorších predpisov. Zdaňovanie alebo nezdaňovanie cestovných náhrad.

Gespeichert in:
Bibliographische Detailangaben
1. Verfasser: Valicová, Viera
Weitere Verfasser: Binderová, Monika
Format: Buchkapitel
Sprache:Slowakisch
Schlagworte:
Tags: Tag hinzufügen
Keine Tags, Fügen Sie das erste Tag hinzu!

MARC

LEADER 00000naa$a2200000$$$4500
001 0018570
005 20231003105625.4
041 0 |a slo 
044 |a SK 
245 1 0 |a Zákon o cestovných náhradách s komentárom  |c Viera Valicová, Monika Binderová 
520 |a Vysvetlenie zákona o cestovných náhradách č. 283/2002 Z.z. z daňového hľadiska v nadväznosti na zákon 595/2003 Z.z. o dani z príjmov v znení neskorších predpisov. Zdaňovanie alebo nezdaňovanie cestovných náhrad. 
610 2 0 |a náhrada cestovného 
610 2 0 |a zákony 
610 2 0 |a komentáre 
610 2 0 |a zdaňovanie 
610 2 0 |a zamestnanci 
610 2 0 |a zamestnávatelia 
610 2 0 |a výdavky daňové 
100 1 |a Valicová, Viera 
700 1 |a Binderová, Monika